[Event "Stay Safe Play From Home 298"]
[Site "Emanuel Lasker Arena"]
[Date "2020.07.13"]
[Round "8"]
[White "UHU4"]
[Black "NeatFox"]
[Result "0-1"]
[WhiteElo "1439"]
[BlackElo "1853"]
[Annotator "NA RC"]
[PlyCount "62"]
[EventDate "2020.07.13"]
[EventType "swiss (blitz)"]

{Manoc a, Calota} 1. e4 {[%emt 0:00:02]} c6 {[%emt 0:00:00]} 2. d4 {[%emt 0:00:02]} d5 {[%emt 0:00:00]} 3. exd5 {[%emt 0:00:01]} cxd5 {[%emt 0:00:00]} 4. Bd3 {[%emt 0:00:01]} e6 {[%emt 0:00:01]} 5. Nf3 {[%emt 0:00:00]} Nc6 {[%emt 0:00:00]} 6. O-O {[%emt 0:00:00]} Bd6 {[%emt 0:00:01]} 7. Nc3 {[%emt 0:00:01]} Nf6 {[%emt 0:00:00]} 8. Bg5 {[%emt 0:00:03]} O-O {[%emt 0:00:00]} 9. Qd2 {[%emt 0:00:01]} Be7 {[%emt 0:00:01]} 10. a3 {[%emt 0:00:03]} b6 {[%emt 0:00:01]} 11. h4 {[%emt 0:00:01]} Bb7 {[%emt 0:00:00]} 12. Rfe1 {[%emt 0:00:03]} Nd7 {[%emt 0:00:03]} 13. Re2 {[%emt 0:00:02]} Bxg5 {[%emt 0:00:01]} 14. hxg5 {[%emt 0:00:01]} f6 {[%emt 0:00:03]} 15. Rae1 {[%emt 0:00:03]} fxg5 {[%emt 0:00:02]} 16. Rxe6 {[%emt 0:00:02]} Nf6 {[%emt 0:00:02]} 17. Nxg5 {[%emt 0:00:01]} h6 {[%emt 0:00:02]} 18. Nf3 {[%emt 0:00:05]} Ng4 {[%emt 0:00:01]} 19. Bg6 {[%emt 0:00:03] UHU4 reconnected.} Qg5 {[%emt 0:00:12]} 20. Nxg5 {[%emt 0:00:02]} hxg5 {[%emt 0:00:00]} 21. Qxg5 {[%emt 0:00:01]} Nf6 {[%emt 0:00:02]} 22. Rxf6 {[%emt 0:00:02]} Rxf6 {[%emt 0:00:00]} 23. Bf5 {[%emt 0:00:01]} Raf8 {[%emt 0:00:03]} 24. Be6+ {[%emt 0:00:01]} Kh7 {[%emt 0:00:03]} 25. Qh5+ {[%emt 0:00:01]} Rh6 {[%emt 0:00:00]} 26. Qxh6+ {[%emt 0:00:02]} Kxh6 {[%emt 0:00:01]} 27. f3 {[%emt 0:00:01]} Kg5 {[%emt 0:00:01]} 28. Nxd5 {[%emt 0:00:01]} Nxd4 {[%emt 0:00:02]} 29. f4+ {[%emt 0:00:05]} Kh6 {[%emt 0:00:02]} 30. Bh3 {[%emt 0:00:06]} Bxd5 {[%emt 0:00:02]} 31. Re5 {[%emt 0:00:01]} Nxc2 {[%emt 0:00:02] Tiempo (Lag: Av=0.59s, max=1.1s)} 0-1

[Event "Stay Safe Play From Home 298"]
[Site "Emanuel Lasker Arena"]
[Date "2020.07.13"]
[Round "9"]
[White "Toosieslide"]
[Black "Lazieri3"]
[Result "1-0"]
[WhiteElo "2254"]
[BlackElo "2068"]
[Annotator "TA"]
[PlyCount "65"]
[EventDate "2020.07.13"]
[EventType "swiss (blitz)"]

{[%evp 9,64,55,52,54,49,52,49,48,48,39,45,39,56,51,58,29,30,18,69,0,412,430,399,364,370,354,345,299,311,303,353,331,772,768,751,751,747,743,823,798,906,766,995,789,973,973,29996,1387,2016,1362,1208,1120,1086,1064,29998,29999,29999]} 1. d4 c6 2. c4 d5 3. Nc3 Nf6 4. Nf3 Bf5 5. cxd5 Nxd5 6. e3 {D15: Slav Defence: 4 Nc3 a6 and gambit lines after 4 Nc3 dxc4.} Nxc3 7. bxc3 e6 8. Bd3 {White is slightly better.} Bxd3 9. Qxd3 Bd6 10. O-O h6 11. e4 O-O 12. e5 Be7 {[#]} 13. Qe4 $146 ({Predecessor:} 13. Re1 Nd7 14. Bd2 b5 15. c4 bxc4 16. Qxc4 Rc8 17. Rab1 Nb6 18. Qa6 Qd7 19. Ba5 {0-1 (32) Wich,M (1576)-Rund,H (1892) GER email 2012}) 13... c5 ({Black should try} 13... Qd5 $11 14. Qg4 Kh8) 14. Qg4 ({Better is} 14. Qxb7 $14 Nd7 15. Bf4) 14... cxd4 $2 {[%mdl 8192] Black is now going downhill.} (14... Kh8 $1 $11) 15. Bxh6 $1 $18 {[%csl Gh6][%cal Rg4g7]} g6 16. Bxf8 Kxf8 17. Rad1 d3 18. Qh3 {[%cal Rh3h8]} Kg7 19. Nd4 Nc6 20. Rxd3 Nxe5 $2 {[#]} (20... Nxd4 21. Rxd4 Qc7) 21. Nxe6+ $1 {[%mdl 64] Discovered Attack} fxe6 22. Rxd8 Rxd8 23. Qxe6 Nc6 24. h3 Bf6 25. Qg4 Bxc3 26. Rd1 Re8 27. Rd7+ Kf6 28. Rd6+ (28. Qf4+ $142 Ke6 {[#]} 29. Qf7+ $1 {[%mdl 576] Double Attack} Ke5 30. Qd5+ Kf6 31. Rf7#) 28... Kg7 29. Qxg6+ Kf8 30. Rd7 {[%csl Gd7][%cal Rg6f7]} Re1+ 31. Kh2 {[%csl Gd7][%cal Rg6f7]} Ne5 32. Qg7+ Ke8 33. Qe7# {Accuracy: White = 54%, Black = 45%.} 1-0

[Event "Stay Safe Play From Home 298"]
[Site "Emanuel Lasker Arena"]
[Date "2020.07.13"]
[Round "9"]
[White "SoulofWolf"]
[Black "Sfantul321"]
[Result "1-0"]
[WhiteElo "2187"]
[BlackElo "2019"]
[Annotator "NA RC"]
[PlyCount "109"]
[EventDate "2020.07.13"]
[EventType "swiss (blitz)"]

1. e4 {[%emt 0:00:01]} g6 {[%emt 0:00:00]} 2. d4 {[%emt 0:00:00]} Bg7 {[%emt 0:00:00]} 3. Nc3 {[%emt 0:00:00]} d6 {[%emt 0:00:00]} 4. Nge2 {[%emt 0:00:00]} Nf6 {[%emt 0:00:00]} 5. Bg5 {[%emt 0:00:00]} h6 {[%emt 0:00:01]} 6. Bh4 {[%emt 0:00:00]} O-O {[%emt 0:00:01]} 7. f3 {[%emt 0:00:01]} c5 {[%emt 0:00:01]} 8. d5 {[%emt 0:00:01]} a6 {[%emt 0:00:02]} 9. g4 {[%emt 0:00:00]} g5 {[%emt 0:00:01]} 10. Bg3 {[%emt 0:00:01]} h5 {[%emt 0:00:01]} 11. h3 {[%emt 0:00:01]} h4 {[%emt 0:00:01]} 12. Bh2 {[%emt 0:00:01]} b5 {[%emt 0:00:01]} 13. Bg2 {[%emt 0:00:01]} Bb7 {[%emt 0:00:01]} 14. O-O {[%emt 0:00:01]} Nbd7 {[%emt 0:00:00]} 15. Kh1 {[%emt 0:00:00]} Nh7 {[%emt 0:00:01]} 16. Rb1 {[%emt 0:00:01]} Ne5 {[%emt 0:00:01]} 17. b3 {[%emt 0:00:03]} e6 {[%emt 0:00:03]} 18. Qd2 {[%emt 0:00:01]} exd5 {[%emt 0:00:02]} 19. Nxd5 {[%emt 0:00:03]} Bxd5 {[%emt 0:00:01]} 20. Qxd5 {[%emt 0:00:01]} Qc7 {[%emt 0:00:01]} 21. Rbd1 {[%emt 0:00:02]} Rad8 {[%emt 0:00:01]} 22. Qd2 {[%emt 0:00:01]} Nf6 {[%emt 0:00:03]} 23. f4 {[%emt 0:00:02]} gxf4 {[%emt 0:00:01]} 24. Nxf4 {[%emt 0:00:03]} Ng6 {[%emt 0:00:02]} 25. Ne2 {[%emt 0:00:05]} d5 {[%emt 0:00:01]} 26. Bxc7 {[%emt 0:00:03]} Rd7 {[%emt 0:00:01]} 27. Bh2 {[%emt 0:00:02]} dxe4 {[%emt 0:00:01]} 28. Qxd7 {[%emt 0:00:01]} Nxd7 {[%emt 0:00:01]} 29. Rxd7 {[%emt 0:00:00]} Re8 {[%emt 0:00:01]} 30. Rfd1 {[%emt 0:00:01]} Ne5 {[%emt 0:00:01]} 31. Bxe4 {[%emt 0:00:01]} Nxd7 {[%emt 0:00:01]} 32. Bf3 {[%emt 0:00:02]} Ne5 {[%emt 0:00:01]} 33. Bxe5 {[%emt 0:00:02]} Rxe5 {[%emt 0:00:01]} 34. Kg2 {[%emt 0:00:00]} c4 {[%emt 0:00:01]} 35. Rd8+ {[%emt 0:00:02]} Kh7 {[%emt 0:00:01]} 36. Rd6 {[%emt 0:00:01]} cxb3 {[%emt 0:00:01]} 37. axb3 {[%emt 0:00:00]} a5 {[%emt 0:00:01]} 38. Rd5 {[%emt 0:00:01]} Re3 {[%emt 0:00:02]} 39. Rxb5 {[%emt 0:00:01]} a4 {[%emt 0:00:03]} 40. bxa4 {[%emt 0:00:01]} Re8 {[%emt 0:00:02]} 41. a5 {[%emt 0:00:00]} Re6 {[%emt 0:00:02]} 42. a6 {[%emt 0:00:01]} Rxa6 {[%emt 0:00:01]} 43. Rh5+ {[%emt 0:00:02]} Kg6 {[%emt 0:00:01]} 44. Rxh4 {[%emt 0:00:01]} Ra2 {[%emt 0:00:00]} 45. Kf2 {[%emt 0:00:01]} Rxc2 {[%emt 0:00:01]} 46. Rh5 {[%emt 0:00:01]} Kf6 {[%emt 0:00:01]} 47. Rd5 {[%emt 0:00:01]} Ke7 {[%emt 0:00:01]} 48. Rd3 {[%emt 0:00:01]} Rd2 {[%emt 0:00:01]} 49. Rxd2 {[%emt 0:00:01]} Bc3 {[%emt 0:00:01]} 50. Rd3 {[%emt 0:00:00]} Bb4 {[%emt 0:00:01]} 51. Kg2 {[%emt 0:00:00]} Ke6 {[%emt 0:00:01]} 52. Nd4+ {[%emt 0:00:00]} Ke5 {[%emt 0:00:01]} 53. Nf5 {[%emt 0:00:00]} f6 {[%emt 0:00:01]} 54. Rd1 {[%emt 0:00:00]} Bc3 {[%emt 0:00:01]} 55. Ng3 {[%emt 0:00:00] Time (Lag: Av=0.37s, max=0.8s)} 1-0

[Event "Stay Safe Play From Home 298"]
[Site "Emanuel Lasker Arena"]
[Date "2020.07.13"]
[Round "9"]
[White "Lamborghini"]
[Black "AChessPlayer"]
[Result "1-0"]
[WhiteElo "2124"]
[BlackElo "2361"]
[Annotator "TA"]
[PlyCount "93"]
[EventDate "2020.07.13"]
[EventType "swiss (blitz)"]

{[%evp 9,92,43,63,34,72,56,55,36,74,37,58,50,29,-44,58,66,55,64,61,15,93,8,103,74,137,20,20,0,47,47,47,47,81,50,81,77,75,55,197,84,218,77,70,72,279,271,535,182,633,615,655,643,633,619,702,698,655,663,840,837,1513,1500,1307,1189,2773,2578,5143,6580,1723,1087,29974,29974,29962,5931,29992,29976,29974,29977,29994,29995,29997,29998,29999,29999,29999]} 1. e4 d5 2. exd5 Qxd5 3. Nc3 Qa5 4. d4 c6 5. Nf3 Nf6 6. Ne5 {B01: Scandinavian Defence.} e6 7. Bd3 Nbd7 {[#]} 8. Qe2 $146 {White is slightly better.} ({Predecessor:} 8. Nc4 Qd8 9. O-O Be7 10. Ne4 Nb6 11. Nxb6 axb6 12. c3 O-O 13. Ng5 g6 14. Nf3 {½-½ (69) Kovacevic,A (2549)-Savic,M (2469) Banja Koviljaca 2002}) 8... Bb4 9. Bd2 Nxe5 10. dxe5 Nd5 {[%cal Rd5c3]} 11. Ne4 (11. Qg4 $11) 11... Bxd2+ (11... Nf4 $1 $15 12. Nd6+ Ke7 13. Bxb4 Qxb4+ {[%mdl 64] Double Attack} 14. Qd2 Nxg2+ 15. Kd1 Qxd2+ 16. Kxd2 g6) 12. Qxd2 $14 Qxd2+ 13. Kxd2 Ke7 14. c4 Nb4 (14... Nf4 $11 {remains equal.}) 15. Kc3 ({White should try} 15. Be2 $16) 15... Na6 (15... Nxd3 $11 16. Kxd3 b6) 16. b4 Bd7 ({Better is} 16... Nb8) 17. c5 ({White should play} 17. a4 $16) 17... Nc7 $11 18. Bc4 (18. Kd2 {is interesting.} Nd5 19. Rhb1 f6 20. exf6+ gxf6 21. g3) 18... Nd5+ (18... b5 {keeps more tension.} 19. Bb3 a5 20. a3 Rhb8 21. Rhd1 Ra7) 19. Bxd5 exd5 20. Nd6 $36 {[%mdl 2048] White has some pressure.} b6 21. Rhb1 Rab8 22. a4 bxc5 23. bxc5 Be6 (23... f6 $14) 24. Kd4 (24. a5 $1 $18 {is more deadly.}) 24... f6 {[#]} (24... g6 $16) 25. exf6+ (25. a5 $1 $18 {and White stays clearly on top.}) 25... Kxf6 $16 26. a5 Rhf8 $2 {[#]} (26... Bf5 $16 27. Nxf5 Kxf5) 27. a6 $1 $18 Ke7 $2 (27... Rbd8 28. Ra3 Ke7 29. Rb7+ Rd7) 28. f3 $2 (28. Rb7+ Rxb7 29. axb7) 28... Kd7 $2 (28... Rf4+ 29. Kc3 Rxb1 30. Rxb1 Kf6) 29. Rb7+ Rxb7 30. axb7 {[%mdl 4096] Endgame KRB-KRN} Kc7 31. Rxa7 Rb8 32. Ke5 Bd7 33. Ra1 h6 34. g4 g5 {[#]} 35. h4 $1 {[%mdl 512]} gxh4 36. Rh1 h5 37. Rxh4 hxg4 38. fxg4 Rg8 39. Rh7 Rg5+ 40. Kf6 Rg8 41. Rf7 (41. g5 $142 d4 42. g6 d3 43. Nc4 Kxb7 44. Rxd7+ {[%mdl 64] Double Attack} Ka6 45. Ne5 Rf8+ 46. Kg5) 41... Kb8 42. g5 {White mates.} Bg4 43. g6 d4 44. g7 {[%mdl 64] Overworked Piece} Rxg7 45. Rf8+ Ka7 46. b8=Q+ Ka6 47. Qb6# {Accuracy: White = 48%, Black = 25%.} 1-0

[Event "Stay Safe Play From Home 298"]
[Site "Emanuel Lasker Arena"]
[Date "2020.07.13"]
[Round "9"]
[White "Bardellosport"]
[Black "Broken sword"]
[Result "0-1"]
[WhiteElo "2054"]
[BlackElo "2407"]
[Annotator "TA"]
[PlyCount "68"]
[EventDate "2020.07.13"]
[EventType "swiss (blitz)"]

{[%evp 9,68,54,45,-40,36,32,85,28,61,0,0,-2,-7,-10,-3,-3,7,-10,-2,-12,12,-54,-47,-48,-40,-59,-70,-76,-62,-98,-64,-85,-76,-90,-62,-81,-48,-56,-32,-54,-25,-43,-12,-20,-28,-34,0,0,0,-115,-54,-664,-660,-654,-413,-654,-625,-583,-512,-5393,-5206]} 1. e4 c5 2. g3 e6 3. Nf3 a6 4. Bg2 b5 5. O-O Bb7 6. c3 {[#] B40: Sicilian: 2...e6, Unusual lines.} (6. Re1 $14) 6... d6 $146 (6... Bxe4 $15 7. d4 Nf6) ({Predecessor:} 6... Bxe4 7. Re1 Bb7 8. d4 Nf6 9. Bg5 Be7 10. Bxf6 Bxf6 11. dxc5 O-O 12. Nh4 Bxg2 13. Nxg2 {0-1 (69) Kolb,N (1634)-Bluhm,A (1817) Osnabrueck 2010}) 7. d4 $14 cxd4 (7... Nd7 $14) 8. cxd4 (8. Nxd4 $16 e5 9. Nc2) 8... Nf6 9. e5 ({White should play} 9. d5 $14) 9... dxe5 $11 10. Nxe5 Bxg2 11. Kxg2 Qd5+ 12. Kg1 Qb7 13. Be3 Nbd7 14. Nc3 Bd6 15. f4 (15. Nxd7 $11 Qxd7 16. d5) 15... O-O $15 16. Qe2 Rfd8 17. Rab1 Rac8 18. Rbc1 Nb6 19. h3 Nbd5 (19... Bb4 {seems wilder.} 20. f5 Bxc3 21. bxc3 Re8 22. fxe6 Rxe6 23. Bg5 Ne4) 20. Nxd5 Nxd5 21. g4 Bxe5 22. dxe5 Rxc1 23. Rxc1 Rc8 24. Rxc8+ Qxc8 25. Qd3 Qc6 26. a3 h6 27. b4 Qc3 (27... Qa8 {looks sharper.} 28. Kf2 a5 29. bxa5 Qxa5 30. f5 Qc7) 28. Qxc3 Nxc3 $11 {[%mdl 4096] Endgame KB-KN} 29. Bc5 (29. Kf2 $11) 29... Nb1 (29... Ne2+ $17 30. Kh2 Nxf4) 30. a4 $2 {[%mdl 8192] [#] This move loses the game for White.} (30. Kf2 $15) 30... bxa4 $19 31. Kf2 a3 32. Bd4 (32. Ke1 $142 Nc3 33. Bd4) 32... Nd2 {Black is clearly winning.} 33. Ke3 Nb3 34. Kd3 (34. Bc3 $142 a2 35. Kd3) 34... Nxd4 {Accuracy: White = 51%, Black = 51%.} 0-1

[Event "Stay Safe Play From Home 298"]
[Site "Emanuel Lasker Arena"]
[Date "2020.07.13"]
[Round "9"]
[White "Souchov"]
[Black "Mepe_Nika"]
[Result "0-1"]
[WhiteElo "2037"]
[BlackElo "2399"]
[Annotator "TA"]
[PlyCount "110"]
[EventDate "2020.07.13"]
[EventType "swiss (blitz)"]

{[%evp 14,109,24,17,32,30,31,32,39,43,46,40,41,18,22,7,37,32,49,-110,-122,-420,-422,-437,-400,-435,-371,-608,-409,-425,-386,-583,-579,-572,-462,-448,-452,-440,-436,-517,-491,-561,-423,-970,-980,-1012,-991,-1052,-968,-1112,-1109,-1223,-1152,-1129,-1145,-1133,-1112,-1192,-1201,-1247,-1243,-2184,-1955,-1910,-1801,-5235,-6546,-6812,-6790,-5607,-6126,-29984,-29985,-29985,-29986,-29990,-29991,-29992,-29993,-29993,-29993,-29993,-29994,-29998,-29997,-29997,-29996,-29996,-29996,-29997,-29998,-29998,-29998,-29998,-29998,-29998,-29999,-29999]} 1. e4 e5 2. Nf3 Nc6 3. Bb5 a6 4. Ba4 Nf6 5. O-O Be7 6. Bxc6 dxc6 7. d3 Bd6 8. Nbd2 Qe7 {C85: Closed Ruy Lopez: Deferred Exchange Variation.} 9. Nc4 Bg4 10. h3 Bxf3 {White is slightly better.} 11. Qxf3 Nd7 {[#]} 12. Qg3 $146 ({Predecessor:} 12. Bd2 f6 13. a3 Nf8 14. Ne3 Ne6 15. Nf5 Qf7 16. c3 Bf8 17. Be3 g6 18. Ng3 h5 19. Rfd1 {0-1 (51) Borries,B (1703)-Drewitz,F (1749) Tiefenbach 2004}) 12... f6 13. f4 O-O 14. f5 Kh8 15. Be3 Bc5 16. Qh4 $2 {[#]} (16. Qf2 $14 {keeps the upper hand.}) 16... b5 $17 17. Na5 $2 {[%mdl 8192] Now White is beyond hope.} (17. b4 $17 {was the only chance.}) 17... Bxe3+ $19 18. Kh2 Qd6 19. Rf3 Bg5 20. Qg3 $2 {[#]} (20. Qe1) 20... c5 21. Qf2 Qb6 22. Nb3 (22. Qe1 {might work better.}) 22... c4 23. dxc4 Qxf2 24. Rxf2 bxc4 25. Na5 Nc5 26. Nxc4 Nxe4 27. Re2 Nd6 28. Kg1 (28. Nxd6 $142 cxd6 29. Rd1) 28... Nxc4 29. b3 Nd6 30. g3 h5 31. h4 Bh6 32. Rd1 Rfd8 33. Rf1 Nf7 34. Kg2 Rd5 35. Rfe1 Rad8 36. c4 Rd2 37. Kf3 Rxe2 38. Rxe2 Rd3+ 39. Kg2 Rd2 40. Kf2 Rxe2+ 41. Kxe2 Nd6 42. g4 hxg4 {Black mates.} 43. Kf2 Nxf5 44. h5 e4 45. Kg2 e3 46. Kf1 g3 47. Ke2 g2 48. Ke1 g1=Q+ 49. Ke2 Qb1 {[%cal Rf5d4]} 50. Kf3 Qd3 51. Kg4 e2 52. c5 Qe4+ 53. Kh3 Qh4+ 54. Kg2 Qg3+ 55. Kh1 e1=Q# {Accuracy: White = 29%, Black = 66%.} 0-1

[Event "Stay Safe Play From Home 298"]
[Site "Emanuel Lasker Arena"]
[Date "2020.07.13"]
[Round "9"]
[White "Patzeroglu"]
[Black "Haxhi Baha"]
[Result "0-1"]
[WhiteElo "1811"]
[BlackElo "2006"]
[Annotator "TA"]
[PlyCount "29"]
[EventDate "2020.07.13"]
[EventType "swiss (blitz)"]

{[%evp 9,29,-280,-162,-327,-251,-376,-381,-388,-375,-354,-357,-392,-382,-395,-393,-448,-370,-477,-384,-906,-663,-766]} 1. f3 e5 2. c3 c5 3. a3 ({Predecessor:} 3. c4 Nf6 4. d3 g6 5. Bg5 Bg7 6. Nc3 d5 7. Bxf6 Bxf6 8. Nxd5 Bg7 9. Qd2 Be6 {1-0 (46) Coimbra,J (1511)-Sampaio,R Famalicao 2013}) 3... Nc6 4. h3 d5 5. d3 Bd6 (5... Qh4+ $142 6. Kd2 Be6) 6. b3 $2 {A00: Irregular Openings.} (6. Be3 {was necessary.}) 6... Qh4+ 7. g3 (7. Kd2 $142) 7... Qxg3+ $19 8. Kd2 {[#]Black is winning.} e4 $1 {[%mdl 512]} 9. Kc2 (9. dxe4 dxe4) 9... exd3+ 10. Kb2 dxe2 11. Qxe2+ Nge7 12. Be3 Be6 13. Nd2 d4 14. Re1 $2 {[#]} (14. cxd4 cxd4 15. Bf2) 14... dxe3 15. Qxe3 {White did not feel at home in the position after the opening. Accuracy: White = 10%, Black = 55%.} 0-1

[Event "Stay Safe Play From Home 298"]
[Site "Emanuel Lasker Arena"]
[Date "2020.07.13"]
[Round "9"]
[White "Chase the sun"]
[Black "UHU4"]
[Result "1-0"]
[WhiteElo "1809"]
[BlackElo "1436"]
[Annotator "NA RC"]
[PlyCount "73"]
[EventDate "2020.07.13"]
[EventType "swiss (blitz)"]

{Lerch, Martin Erik - Manoc a, Calota} 1. e4 {[%emt 0:00:01]} d5 {[%emt 0:00:01]} 2. Nc3 {[%emt 0:00:01]} d4 {[%emt 0:00:02]} 3. Nce2 {[%emt 0:00:01]} e5 {[%emt 0:00:01]} 4. d3 {[%emt 0:00:00]} Nc6 {[%emt 0:00:01]} 5. f4 {[%emt 0:00:00]} Nf6 {[%emt 0:00:01]} 6. Nf3 {[%emt 0:00:01]} Bg4 {[%emt 0:00:01]} 7. Nxe5 {[%emt 0:00:02]} Nxe5 {[%emt 0:00:02]} 8. fxe5 {[%emt 0:00:00]} Nd7 {[%emt 0:00:01]} 9. Bf4 {[%emt 0:00:02]} Bc5 {[%emt 0:00:02]} 10. Qd2 {[%emt 0:00:01]} h6 {[%emt 0:00:02]} 11. h3 {[%emt 0:00:03]} Bxe2 {[%emt 0:00:05]} 12. Bxe2 {[%emt 0:00:00]} g5 {[%emt 0:00:01]} 13. Bh2 {[%emt 0:00:01]} Qe7 {[%emt 0:00:01]} 14. g4 {[%emt 0:00:03]} Nxe5 {[%emt 0:00:01]} 15. O-O-O {[%emt 0:00:02]} O-O-O {[%emt 0:00:02]} 16. Kb1 {[%emt 0:00:00]} Bb4 {[%emt 0:00:01]} 17. c3 {[%emt 0:00:01]} dxc3 {[%emt 0:00:01]} 18. bxc3 {[%emt 0:00:00]} Ba5 {[%emt 0:00:01]} 19. d4 {[%emt 0:00:02]} Nc6 {[%emt 0:00:04]} 20. Qb2 {[%emt 0:00:01]} Qxe4+ {[%emt 0:00:01]} 21. Bd3 {[%emt 0:00:01]} Qd5 {[%emt 0:00:03]} 22. Ka1 {[%emt 0:00:03]} Bb6 {[%emt 0:00:02]} 23. Rb1 {[%emt 0:00:01]} Na5 {[%emt 0:00:01]} 24. Rhc1 {[%emt 0:00:06]} Nc4 {[%emt 0:00:02]} 25. Bxc4 {[%emt 0:00:01]} Qxc4 {[%emt 0:00:01]} 26. Qb4 {[%emt 0:00:00]} Qxb4 {[%emt 0:00:03]} 27. Rxb4 {[%emt 0:00:00]} Rhe8 {[%emt 0:00:02]} 28. Be5 {[%emt 0:00:00]} f6 {[%emt 0:00:01]} 29. Bxf6 {[%emt 0:00:01]} Rd7 {[%emt 0:00:01]} 30. Be5 {[%emt 0:00:02]} Rde7 {[%emt 0:00:01]} 31. c4 {[%emt 0:00:01]} Rxe5 {[%emt 0:00:02]} 32. dxe5 {[%emt 0:00:01]} Bd4+ {[%emt 0:00:01]} 33. Kb1 {[%emt 0:00:01]} Rxe5 {[%emt 0:00:02]} 34. c5 {[%emt 0:00:01]} Bxc5 {[%emt 0:00:02]} 35. Rbc4 {[%emt 0:00:00]} b6 {[%emt 0:00:01]} 36. Rd1 {[%emt 0:00:04]} Re3 {[%emt 0:00:02]} 37. Rc2 {[%emt 0:00:00] Tiempo (Lag: Av=0.47s, max=0.8s)} 1-0